000
00294nam a22001337a 4500
008
170724b xxu||||| |||| 00| 0 eng d
020
_a
9780764573262
041
_a
eng
080
_a
004
100
_a
29
101
_a
SHKI
245
_a
WINDOWS XP FOR DUMMIES
_c
RATHBONE, A
942
_2
udc
_c
BK
999
_c
21799
_d
21799